000 00838nam a2200169 i 4500
001 103788
003 ES-MaACL
005 20230906183438.0
007 t|
008 051118s19131918gw ||||1| ger d
100 1 _aMerkel, Friedrich.
_980557
245 1 4 _aDie anatomie des Menschen /
_cvon Dr. Merkel Friedrich.
260 _aWiesbaden :
_bBergman,
_c1913-18.
300 _a6 t. en 11 v. :
_bil. ;
_c28 cm.
505 8 _aContiene: T.I.-- Allegemeine Gewebelehre, Grundaüge der Entwickelungstehre T.II.-- Skeletlehre. Passirer Bewegungsapparat: Knochen un Bïnder...Text-Atlas T.III.-- Muskellehre Aktiver Bewegungsapparat...Text-Atlas T.IV.-- Eingeweidelehre...Text-Atlas T.V.-- Haut, Sinnesorgane und nervöse zentralorgane...Text-Atlas T.VI.-- Peripherische Nerven und Gefèabsystem...Text-Atlas
852 _aES-MaACL
_jB-10973-83
999 _c103788
_d103788